Normal view
MARC view
- Aqil Ahmad
Entry Personal Name
001 - CONTROL NUMBER
- control field: 5798
003 - CONTROL NUMBER IDENTIFIER
- control field: OSt
005 - DATE AND TIME OF LATEST TRANSACTION
- control field: 20240331020108.0
008 - FIXED-LENGTH DATA ELEMENTS
- fixed length control field: 240331|| aca||aabn | a|a d
040 ## - CATALOGING SOURCE
- Original cataloging agency: OSt
- Transcribing agency: OSt
100 ## - HEADING--PERSONAL NAME
- Personal name: Aqil Ahmad
670 ## - SOURCE DATA FOUND
- Source citation: Work cat.: (OSt)1533: Ahmad, Aqil 2476, Equity Trust & Fiduciary Relations / , c2002
